| 000 | 00411nam a22001697a 4500 | ||
|---|---|---|---|
| 003 | MACL | ||
| 005 | 20160115164106.0 | ||
| 008 | 160115b xxu||||| |||| 00| 0 eng d | ||
| 040 | _cMACL | ||
| 041 | _aEnglish | ||
| 082 | _a649/SUL | ||
| 100 |
_aSulekha Kumari _932710 |
||
| 245 | _aChild Development | ||
| 260 |
_aNew Delhi _bShivani Art Press _c2012 |
||
| 650 |
_aChild0Development _932711 |
||
| 942 |
_2ddc _cBK |
||
| 999 |
_c52520 _d52520 |
||